| 000 | 01048cam a22001814a 4500 | ||
|---|---|---|---|
| 005 | 20250605164348.0 | ||
| 008 | 250528s ||||||||||||||||||||||||d | ||
| 035 | _a23963 | ||
| 040 |
_aGR-AtMCL _bgre _dGR-AtMCL _eAACR2 |
||
| 245 | 1 | _aΠροτεραιότητά μας Παραμένει η Προστασία της Ιδιωτικότητας των Ανθρώπων / Nicola Mendelsohn, Vp Emea, Facebook | |
| 260 | _c2018 | ||
| 520 | _aΈλαμψανοι Καλύτερες Πρακτικές Πωλήσεων για 6η Χρονιά, Με 'Υλικά' το Value for Money και την Digital Επικοινωνία, Συνεργασία και Στρατηγική και Στόχος Κάνουν την Διαφορά, Καλλιεργώντας την Κουλτούρα της Καινοτομίας, Όλη η Digital Διαφημιστική Δράση με μια Ματιά. | ||
| 700 | 1 |
_aΜπούσιας Μιχάλης Κ _99357 |
|
| 942 | _cCR | ||
| 710 | 2 |
_aThe Marketing Week _99825 |
|
| 999 |
_c8874 _d8874 |
||